LEADER 01046nam a2200241 i 4500 001 000000034577 003 CaOOAMICUS 005 20150806000000.0 008 150806s1866 it u000 u ita u 013 $a1277 040 $aSeMil$bita 100 1 $aHuby, Vincent.$0(OLS)http://semarc/name/15890 245 10$aScala all'amor di Dio, ossia opere spirituali /$cdel p. Vincenzo Huby ; traduzione di Giuseppina Pellico. 260 $aTorino :$bPietro di G. Marietti,$c1866. 300 $a276 p. ;$c18 cm. 650 4$aSpiritualitą - Testi.$0(OLS)http://semarc/subject/1342 650 4$aAmore di Dio.$0(OLS)http://semarc/subject/2284 700 1 $aPellico, Giuseppina.$0(OLS)http://semarc/name/15891 850 $aSeMil 852 $aSeMil$W1$xVenegono$y1$m3B II 128 FA$j732$B732$CSeMilBibl$Z2$F732 $8I 961 $aOmaggio: Biblioteca Seminario Duomo 996 $6245$aScala all'amor di Dio, ossia opere spirituali$9(OLS)http://semarc/title/46833 996 $6260$aTorino :$bPietro di G. Marietti$9(OLS)http://semarc/publisher/33151 LEADER 00429nab a2200145 i 4500 001 000000260223 003 CaOOAMICUS 005 20190408161953.0 008 050301n xx uu u0 0und r 013 $a922 040 $aSeMil$bita 245 10$a2004 : 3. 773 0 $t2004.$dCambridge (Massachusetts) : Weston Jesuit School of Theology, copyr. 2004.$w()135334 996 $6245$a2004 : 3$9(OLS)http://semarc/title/204615